000 00500nam a2200181 i 4500
001 124459
003 ES-MaACL
007 t|
008 070327s1928 sp ||||1| spa d
100 1 _aBarnet, Domingo.
_925725
245 1 3 _aEl desenvolvimiento del niño /
_cDomingo Barnés.
260 _aBarcelona :
_bLabor,
_c[1928]
300 _a212 p. ;
_c17 cm.
490 1 _aColección Labor ;
_v179
830 0 0 _aColección Labor
_v179
_9184254
852 _aES-MaACL
_jE-2699
999 _c124459
_d124459